Das Kontinuum : kritische untersuchungen uber die grundlagen der analysis

Saved in:
Bibliographic Details
Main Author: Weyl, Hermann, 1885-1955
Other Authors: Landau, Edmund, 1877-1938, Riemann, Bernhard, 1826-1866
Format: Book
Language:German
Published: New York : Chelsea Publishing Company, [19--]
Subjects:
Tags: Add Tag
No Tags, Be the first to tag this record!

MARC

LEADER 00000cam a2200000 i 4500
001 1/13942
008 110624q ger d
035 |l 10110389 
040 |a GR-MY-UA  |b gre  |e aacr 
041 0 |a ger 
082 0 |a 515  |2 (22) 
100 1 |a Weyl, Hermann,   |d 1885-1955. 
245 1 4 |a Das Kontinuum :  |b kritische untersuchungen uber die grundlagen der analysis /  |b vorlesungen gehalten in Barcelona und Madrid /  |c von Dr. Hermann Weyl. Mathematische analyse des raumproblems :  |c von Dr. Hermann Weyl. Darstellung und begrundung einiger neuerer ergebnisse der funktionentheorie ; von Dr. Edmund Landau. Ueber die hypothesen, welche der geonmetrie zugrunde liegen ; von B. Riemann 
260 |a New York :   |b Chelsea Publishing Company,   |c [19--] 
300 |a 4τ. σε 1 (83, 117, 120, 48 σ.);  |b σχέδια, διαγρ.;  |c 21 εκ. 
650 0 0 |a Mathematical analysis  |x Foundations. 
650 0 0 |a Generalized spaces. 
650 0 0 |a Transformations, Infinitesimal. 
650 0 0 |a Continuous groups. 
650 0 0 |a Functions. 
650 0 0 |a Series. 
650 0 0 |a Geometry. 
700 1 |a Landau, Edmund,   |d 1877-1938. 
700 1 |a Riemann, Bernhard,   |d 1826-1866. 
852 |a INST  |b SAMOS  |c MAG  |e 20110624  |h 515 WEY  |p 005300032620  |q 005300032620  |t BK  |y 0 
901 |a BIBL3-2011-2 
909 |a Σ  |b 167243 
970 |a ΚΟΣΙΕΡΗΣ  |b ΧΡΗΣΤΟΣ  |z 2011/06/24